Three year business plan 2000-2003 (Record no. 122045)

MARC details
000 -LEADER
fixed length control field 00712nam a22001697a 4500
008 - FIXED-LENGTH DATA ELEMENTS--GENERAL INFORMATION
fixed length control field 241030t2001 xxk|||||r|||| 00| 0 eng d
041 ## - LANGUAGE CODE
Language code of text/sound track or separate title eng
110 ## - MAIN ENTRY--CORPORATE NAME
Corporate author Royal Institution of Chartered Surveyors
245 ## - TITLE STATEMENT
Title Three year business plan 2000-2003
Subtitle 2001 revision
260 ## - PUBLICATION INFORMATION
Place of publication London,
Publisher Royal Institution of Chartered Surveyors,
Date August 2001
300 ## - PHYSICAL DESCRIPTION
Physical description 8p.
520 ## - ABSTRACT
Abstract The first three year business plan for 'new RICS' is focused on increasing the status of the profession in business and society and focusing on the needs of members for efficient and high added value services.
651 ## - SUBJECT ADDED ENTRY--GEOGRAPHIC NAME
Geographic name International
690 ## - BROAD SUBJECT
Broad subject RICS
9 (RLIN) 6277
710 ## - ADDED CORPORATE NAME
Added corporate author Royal Institution of Chartered Surveyors
942 ## - ADDED ENTRY ELEMENTS (KOHA)
Suppress in OPAC Do not suppress in OPAC
Holdings
Lost status Damaged status Not for loan Current library Shelving location Date acquired Total Checkouts Full call number Date last seen Price effective from Koha item type
      Archives RICS Boxes 30/10/2024   RICS 2001/73 30/10/2024 30/10/2024 Book